000 00330 a2200157 4500
001 177192
020 _a
040 _cMagnum
100 _aMurgel Branco, Samuel
240 1 0 _aO desafio amazonico
_lpor
245 1 0 _aO desafio amazonico
362 0 _a1899
440 1 _aModerna
697 _aMAGNITO: ECOLOGIA
942 _cBK
999 _c177192
_d177192